| 000 | 00884nam a2200217 i 4500 | ||
|---|---|---|---|
| 001 | 156236 | ||
| 003 | ES-MaACL | ||
| 005 | 20250824063048.0 | ||
| 008 | 970226s1860 sp |||| | spa d | ||
| 080 | _a811.9 | ||
| 100 | 1 |
_aJaner, Florencio, _d1831-1877 _966005 |
|
| 245 | 1 | 3 |
_aLa lengua universal : _bcuestión internacional / _cpor Florencio Janer. |
| 260 |
_aMadrid : _bA. Durán, librero ; _aParís : _bA. Durand, libraire, _c1860 ( _fImp. de Fortanet) |
||
| 300 |
_a14 p. ; _c22 cm. |
||
| 530 | _aDisponible en formato digital. | ||
| 650 | 4 |
_aLenguas artificiales. _9136381 |
|
| 852 | 4 |
_aES-MaACL _jT-81-F-13 _z- Enc. hol. _z- Enc. en un vol. facticio |
|
| 852 | 4 |
_aES-MaACL _jT-700-F-9 _z- Enc. hol. _z-- Enc. en un vol. facticio |
|
| 856 | 4 |
_uhttp://bdh-rd.bne.es/viewer.vm?id=0000244484&page=1 _zBiblioteca Digital Hispánica |
|
| 999 |
_c156236 _d156236 |
||